000 00592nam a2200229Ia 4500
003 OSt
005 20221007074613.0
006 a|||||r|||| 00| 0
007 ta
008 221006b |||||||| |||| 00| 0 eng d
024 _a23,722
037 _cTextual
040 _aFLL
_cFLL
_beng
041 _2eng
_aeng
082 _aZ2:846, J22.1
245 0 _aIndian limitation act (ix of 1908)
250 _a3rd
260 _aNagpur
_bThe All India Reporter Ltd. India
_c1952
300 _axxxii,951p
_ccm.
942 _hZ2:846, J22.1
_cTEXL
_2CC
999 _c1153024
_d1153024